Communication in organisations (Record no. 37924)

MARC details
000 -LEADER
fixed length control field 00447nam a2200133 a 4500
008 - FIXED-LENGTH DATA ELEMENTS--GENERAL INFORMATION
fixed length control field 120416s9999 xx |||||||||||||| || u
050 ## - LIBRARY OF CONGRESS CALL NUMBER
Classification number HD 58.7 Kya
100 ## - MAIN ENTRY--PERSONAL NAME
Personal name Kyambalesa, Henry
245 10 - TITLE STATEMENT
Title Communication in organisations
246 ## - VARYING FORM OF TITLE
Title proper/short title concepts and cases
300 ## - PHYSICAL DESCRIPTION
Extent viii, 178p.
350 ## - PRICE (NR) (BK AM CF MU VM SE) [OBSOLETE]
Price 0.00
995 ## - RECOMMENDATION 995 [LOCAL, UNIMARC FRANCE]
-- 0.00
-- CBU-MAIN LIBRARY (Kitwe)
-- 1
-- 10.00
-- 1
-- AVAILABLE
-- Zambiana Collection
Holdings
Withdrawn status Lost status Source of classification or shelving scheme Damaged status Not for loan Home library Current library Shelving location Date acquired Total Checkouts Full call number Barcode Date last seen Price effective from Koha item type
          CBU-MAIN LIBRARY, KITWE. CBU-MAIN LIBRARY, KITWE.   11/30/2022   HD 58.7 Kya 020039 11/30/2022 11/30/2022 MONOGRAPH